[Event "4NCL u150 Section"]
[Site "De Vere High Wycombe ENG"]
[Date "2014.04.27"]
[Round "4.61"]
[White "Whitton, Terry D"]
[Black "Vasiliev, Dimitry"]
[Result "1/2-1/2"]
[WhiteElo "170"]
[BlackElo "146"]
[EventDate "2014.04.27"]
[PlyCount "101"]
[WhiteTeam "Wanstead & Woodford 2"]
[BlackTeam "GLCC 2"]

1.Nf3 e6 2.c4 b6 3.g3 Bb7 4.Bg2 d6 5.Nc3 Nd7 6.d3 a6 7.O-O Be7 8.Rb1 Ngf6 
9.b4 Qc8 10.a3 h6 11.Bd2 c6 12.Qb3 Nf8 13.Be3 Bd8 14.Rfc1 Qd7 15.c5 Ng4 
16.Bd2 Ng6 17.cxd6 Qxd6 18.Ne4 Qd7 19.Bc3 Nf6 20.Nxf6+ Bxf6 21.Bxf6 gxf6 
22.d4 h5 23.Rd1 Ke7 24.e4 h4 25.d5 cxd5 26.exd5 Bxd5 27.Qd3 hxg3 28.hxg3 
b5 29.Rbc1 Rac8 30.Rxc8 Qxc8 31.Qe3 Rd8 32.Rc1 Bc4 33.Nd4 Kf8 34.Nc6 Rd6 
35.Na5 Ne5 36.Nb7 Rd3 37.Qh6+ Ke7 38.Nc5 Rxa3 39.Ne4 Ng6 40.Qd2 Qc7 41.Qb2
Rd3 42.Qxf6+ Ke8 43.Ng5 Qe7 44.Qxe7+ Kxe7 45.Bf1 Rd5 46.Bxc4 Rxg5 47.Bf1 
Kd7 48.Ra1 Rg4 49.Rxa6 Rxb4 50.Ra7+ Ke8 51.Rb7 1/2-1/2

[Event "4NCL u150 Section"]
[Site "De Vere High Wycombe ENG"]
[Date "2014.04.27"]
[Round "4.62"]
[White "Biggs, Peter"]
[Black "Barclay, Paul R"]
[Result "1/2-1/2"]
[WhiteElo "139"]
[BlackElo "159"]
[EventDate "2014.04.27"]
[PlyCount "51"]
[WhiteTeam "GLCC 2"]
[BlackTeam "Wanstead & Woodford 2"]

1.d4 e5 2.e3 exd4 3.exd4 d5 4.Bd3 Nf6 5.Be3 Be7 6.Nf3 Bg4 7.Nbd2 Nbd7 8.c3
c6 9.h3 Bh5 10.Qc2 Qc7 11.O-O-O O-O-O 12.Rde1 c5 13.g4 Bg6 14.Bxg6 hxg6 
15.g5 Nh5 16.Kb1 c4 17.Ng1 Bd6 18.b3 b5 19.Kb2 Rde8 20.Ne2 Nb6 21.bxc4 
bxc4 22.Ka1 Re7 23.Nb1 Rhe8 24.Bc1 Re6 25.Be3 Qe7 26.Rd1 1/2-1/2

[Event "4NCL u150 Section"]
[Site "De Vere High Wycombe ENG"]
[Date "2014.04.27"]
[Round "4.63"]
[White "Nickals, Peter A"]
[Black "Barker, Gregory"]
[Result "1-0"]
[WhiteElo "143"]
[BlackElo "112"]
[EventDate "2014.04.27"]
[PlyCount "66"]
[WhiteTeam "Wanstead & Woodford 2"]
[BlackTeam "GLCC 2"]

1.g3 g6 2.Bg2 Bg7 3.d3 d5 4.c3 Nf6 5.h4 b6 6.Bd2 Bb7 7.a4 O-O 8.Nh3 c5 9.
Qc1 Re8 10.Na3 Nc6 11.Rb1 Rc8 12.Nc2 e5 13.Bg5 Qd7 14.Bxf6 Bxf6 15.Ng5 Qd6
16.h5 h6 17.Nxf7 Kxf7 18.hxg6+ Ke7 19.Ne3 Kd8 20.Rxh6 Kc7 21.Nxd5+ Kb8 22.
g7 Re6 23.Nxf6 Rxf6 24.Rh8 Ne7 25.Bh3 Rg8 26.b4 c4 27.dxc4 Qd8 28.Qe3 Ng6 
29.Rd1 Qe8 30.Bd7 Qf7 31.Rxg8+ Qxg8 32.Qh6 Kc7 33.Bf5 Qf7 1-0

[Event "4NCL u150 Section"]
[Site "De Vere High Wycombe ENG"]
[Date "2014.04.27"]
[Round "4.64"]
[White "Fleming, Tom"]
[Black "Lu, Andy WH"]
[Result "0-1"]
[WhiteElo "106"]
[BlackElo "126"]
[EventDate "2014.04.27"]
[PlyCount "58"]
[WhiteTeam "GLCC 2"]
[BlackTeam "Wanstead & Woodford 2"]

1.b4 e5 2.Bb2 Bxb4 3.Bxe5 Nf6 4.e3 Nc6 5.Nf3 Nxe5 6.Nxe5 d6 7.Nf3 O-O 8.c3
Ba5 9.Qc2 h6 10.Be2 c5 11.O-O Be6 12.d4 Bb6 13.Nbd2 cxd4 14.Nxd4 Bxd4 15.
cxd4 Rc8 16.Qa4 a6 17.Rab1 Qe7 18.Qb4 Rc7 19.a4 Nd5 20.Qb2 Nc3 21.Rbe1 
Nxe2+ 22.Rxe2 Bd7 23.Qb4 Rfc8 24.Ne4 Qxe4 25.Qxd6 Bxa4 26.Ra2 Bb5 27.Re1 
Rc1 28.Ra1 Bc6 29.f3 Qxe3+ 0-1